00896nam a2200265 a 4500001001300000003000900013005001700022008004100039020001000080082001700090100003000107245003400137260003300171300000900204500003500213505002400248505007900272650002700351700003000378902000800408942000700416952009600423952009600519999001500615nice12345678IN_TiNIC20260116011519.0050524s1926 dela grp 000 0 fre  ac10000a232.409bASI aAsin Et Palacios, Michael aLogia Et Agrapha Domini Jesu. aDelhibDeni Book Depotc1926 a431p aincludes index and biblioraphy2 aIndex, Bibliography2 aIndex, Bibliography00gV1.tLogia Et Agrapha Domini Jesu..--gV2.tLogia E aJesus Christ-Teachings1 aAsin Et Palacios, Michael bRBA cBK 00104070aHMIbHMId2016-03-21g100.00l0o232.409 ASIp411r0000-00-00w2026-01-16yARB 00104070aHMIbHMId2016-03-21g100.00l0o232.409 ASIp412r0000-00-00w2026-01-16yARB c2209d2209